| 000 | 00367nam a22001457a 4500 | ||
|---|---|---|---|
| 020 | _a81-8204-060-4 | ||
| 082 |
_a657.84 _bAAK |
||
| 100 | _aAAKASH | ||
| 245 | _aVERBAL & NON VERBAL COMMUNICATION | ||
| 260 |
_aDELHI _bAMAN PUBLISHER _c2010 |
||
| 300 | _a284 | ||
| 650 | _a COMMUNICATION FOR MANAGEMENT | ||
| 653 | _aCOMMUNICATION, VERBAL, NONVERBAL | ||
| 942 |
_2ddc _cBK |
||
| 999 |
_c8082 _d8082 |
||